Ausländer mit den meisten Bundesliga Einsätzen - Statistiken

Allgemein
  • Dieses Quiz wurde 319 mal gespielt
  • Das Durchschnittsergebnis liegt bei 11 aus 25
Antwortstatistiken
# Vereine Nationalität Spiele Antwort % Korrekt
2 Borussia DortmundFC Bayern München Polen 384 Robert Lewandowski
99%
1 FC Bayern MünchenWerder Bremen 1.FC Köln Peru/Italien 490 Claudio Pizarro
95%
4 Eintracht FrankfurtVfL Wolfsburg 1.FC Nürnberg Japan 360 Makoto Hasebe
68%
5 Werder BremenVfL Wolfsburg FC Schalke 04 Brasilien 358 Naldo
60%
6 FC AugsburgEintrach Frankfurt FC Schalke 04 1.FC Kaiserslautern Türkei/Deutschland 351 Halil Altintop
57%
9 FC Bayern MünchenBayer 04 Leverkusen Hamburger SV Brasilien 336 Zé Roberto
51%
3 FC AugsburgFC Schalke 04 VfL Wolfsburg SC Freiburg Italien/Deutschland 363 Daniel Caligiuri
50%
8 VfB StuttgartTSG 1899 Hoffenheim Hertha BSC FC Schalke 04 Alemannia Aachen Bosnien-Herzegowina/Vereinigte Staaten 344 Vedad Ibisevic
50%
21 FC Bayern MünchenTSG 1899 Hoffenheim Österreich 298 David Alaba
47%
14 Borussia Dortmund Brasilien/Deutschland 322 Dedê
43%
25 Hertha BSC Ungarn 286 Pal Dardai
43%
12 Hamburger SVBayer 04 Leverkusen Borussia Dortmund Hansa Rostock Bosnien-Herzegowina/Deutschland 330 Sergej Barbarez
39%
11 Borussia DortmundHertha BSC Polen 332 Lukasz Piszczek
38%
24 Borussia MönchengladbachFC Schalke 04 Hertha BSC Brasilien/Deutschland 290 Raffael
38%
18 Bayer 04 LeverkusenEintracht Frankfurt SV Darmstadt 98 Südkorea 308 Bum-kun Cha
37%
7 Hertha BSCFC Schalke 04 SC Freiburg Georgien 351 Levan Kobiashvili
37%
10 FC Schalke 04FC Bayern München Brasilien/Deutschland 332 Rafinha
37%
19 Hannover 96 Vereinigte Staaten/Italien 302 Steven Cherundolo
33%
15 Hamburger SV FC Bayern MünchenVfL Wolfsburg Bosnien-Herzegowina/Deutschland 321 Hasan Salihamidzic
31%
23 SC FreiburgFC Augsburg TSG 1899 Hoffenheim Frankreich 296 Jonathan Schmid
30%
22 VfB StuttgartFC Schalke 04 Brasilien/Italien 297 Marcelo Bordon
22%
16 Hamburger SV 1.FC NürnbergFC Bayern München Tschechien 318 David Jarolim
21%
20 VfB Stuttgart Kroatien 301 Zvonimir Soldo
17%
17 VfB StuttgartFC Bayern München VfL Wolfsburg 1.FC Köln Guinea/Deutschland 310 Pablo Thiam
14%
13 Hamburger SV Werder Bremen Dänemark 323 Ole Björnmose
4%
Keine übereinstimmenden Quizze gefunden
Verteilung der Resultate
Anzahl Personen mit jedem Resultat
Perzentil nach korrekt beantworteten Fragen
Ihre Resultats-Entwicklung
Sie haben dieses Quiz noch nicht gespielt